Normal view
MARC view
Entry Topical Term
001 - CONTROL NUMBER
- control field: 32720
003 - CONTROL NUMBER IDENTIFIER
- control field: ARRUPE
005 - DATE AND TIME OF LATEST TRANSACTION
- control field: 20170703104102.0
008 - FIXED-LENGTH DATA ELEMENTS
- fixed length control field: 170703|| aca||aabn | a|a d
040 ## - CATALOGING SOURCE
- Original cataloging agency: ARRUPE
- Transcribing agency: ARRUPE
150 ## - HEADING--TOPICAL TERM
- Topical term or geographic name as entry element: Skepticism
- General subdivision: History.
670 ## - SOURCE DATA FOUND
- Source citation: Work cat.: (ARRUPE)26857: Popkin, Richard H. (Richard Henry), 1923-2005. 18097, The history of scepticism from Erasmus to Spinoza /, c1979.